Fr. Conceicao Rodrigues College of Engineering

The Practical SQL handbook (Record no. 30239)

MARC details
000 -LEADER
fixed length control field 00332nam a2200157Ia 4500
082 ## - DEWEY DECIMAL CLASSIFICATION NUMBER
Classification number 5.756
Item number BOW
100 ## - MAIN ENTRY--PERSONAL NAME
Personal name Bowman/ J.S. & others
250 ## - EDITION STATEMENT
Edition statement 2
245 ## - TITLE STATEMENT
Title The Practical SQL handbook
260 ## - PUBLICATION, DISTRIBUTION, ETC.
Name of publisher, distributor, etc. Wesley pub
Place of publication, distribution, etc. New york
Date of publication, distribution, etc. 1993
300 ## - PHYSICAL DESCRIPTION
Extent 453
546 ## - LANGUAGE NOTE
Language note ENGLISH
654 ## - SUBJECT ADDED ENTRY--FACETED TOPICAL TERMS
Focus term Computer
942 ## - ADDED ENTRY ELEMENTS (KOHA)
Koha item type BOOK
Holdings
Withdrawn status Lost status Damaged status Not for loan Collection Home library Current library Shelving location Date acquired Total Checkouts Full call number Barcode Date last seen Price effective from Koha item type
        CRC Fr. Agnel's C.Rodrigues College of Engineering Fr. Agnel's C.Rodrigues College of Engineering   17/03/2023   5.756 BOW 8974 17/03/2023 17/03/2023 BOOK